|
|
|
|
| LEADER |
00000nkm a2200000 a 4500 |
| 001 |
vtls011903386 |
| 003 |
SK-MaSNL |
| 005 |
20260512123712.0 |
| 007 |
kp ho |
| 008 |
240703s1922 xo g kuslo |
| 015 |
|
|
|a SNBG1922
|
| 035 |
|
|
|a urn:nbn:sk:snk-km00eh05
|
| 035 |
|
|
|a urn:nbn:sk:snk-km43c0i
|
| 035 |
|
|
|a 6A46F923-B237-4262-9D94-B13242D54F8D
|
| 040 |
|
|
|a SNK
|b slo
|c SNK
|e AACR2
|
| 041 |
0 |
|
|a slo
|
| 043 |
|
|
|a e-xo---
|
| 044 |
|
|
|a xo
|c SK
|
| 072 |
|
7 |
|a 913
|x Regionálna geografia
|2 konspekt
|
| 080 |
|
|
|a 913(437.6)
|2 2011
|
| 080 |
|
|
|a 711.61
|2 2011
|
| 080 |
|
|
|a (084.121)
|2 2011
|
| 080 |
|
|
|a 726:27-523.42
|2 2011
|
| 080 |
|
|
|a 725.942
|2 2011
|
| 245 |
0 |
0 |
|a Nové Zámky
|h grafika
|b námestie
|
| 260 |
|
|
|a Bratislava
|b Sväz Slovenských kníhkupcov, družstvo s r. o.
|c 1922
|e [Hradec Králové?]
|f A. V. Hr. Kr.
|
| 300 |
|
|
|a 1 pohľadnica
|b kolorovaná
|c 9 x 14 cm
|
| 500 |
|
|
|a Názvové údaje prevzaté z obrazovej časti pohľadnice
|
| 520 |
8 |
|
|a Zobrazenie: Pohľad na podstavec po soche, okolo neho je vidno husté dreveiny a múrik so stĺpikmi. Vľavo v pozadí vidno poschodovú budovu. Vpravo v pozadí vidno Farský kostol sv. Kríža a pred ním morový stĺp obkolesený listnatými stromami
|
| 610 |
2 |
7 |
|a Farský kostol sv. Kríža (Nové Zámky, Slovensko)
|2 SNKKA
|9 192248
|
| 650 |
0 |
7 |
|a námestia
|2 SNKPH
|9 26291
|
| 650 |
0 |
7 |
|a kostoly
|2 SNKPH
|9 3023
|
| 650 |
0 |
7 |
|a morové stĺpy
|2 SNKPH
|9 99210
|
| 651 |
|
7 |
|a Nové Zámky (Slovensko)
|2 SNKPHgeo
|9 15884
|
| 655 |
|
7 |
|a miestne pohľadnice
|2 SNKPH
|9 70510
|
| 852 |
|
|
|a Slovenská národná knižnica
|
| 958 |
|
|
|a EUIPO
|
| 958 |
|
|
|a GBN
|
| 958 |
|
|
|a GC
|
| 958 |
|
|
|a OND
|
| 999 |
|
|
|c 777964
|d 779894
|
| 952 |
|
|
|a SNK
|b SNK
|y PREZ
|7 0
|p 17A1382471
|o snkSP 61182
|z Pohľadnica prešla poštou.
|0 0
|1 0
|4 0
|d 2019-11-26
|f 1
|l 0
|r 2026-02-24 00:55:25
|w 2026-02-24
|